00372nam a2200121 a 450000500170000000800410001705000170005824500370007526000680011230000270018065000250020765000180023220140414093841.0071030s19uu xx uuu eng d aCDR 790bCHI aThe Chinese musical instruments. aChina :bMinistry of culture of the People's repuplic of China. a1 videodisk ; sd. col. amusical instruments. aMusicxChina.